Termite attacks on rubber plantations: Methods for prevention (Record no. 70389)

MARC details
000 -LEADER
fixed length control field 00450nam a2200157Ia 4500
100 ## - MAIN ENTRY--AUTHOR NAME
Personal name Fernando T H P S
245 #0 - TITLE STATEMENT
Title Termite attacks on rubber plantations: Methods for prevention
260 ## - PUBLICATION, DISTRIBUTION, ETC. (IMPRINT)
Name of publisher Bulletin of the Rubber Research Institute of Sri Lanka
Year of publication 2011
300 ## - PHYSICAL DESCRIPTION
Number of Pages 23-25
650 ## - SUBJECT ADDED ENTRY--TOPICAL TERM
Topical Term Agriculture
650 ## - SUBJECT ADDED ENTRY--TOPICAL TERM
Topical Term Termite
700 ## - ADDED ENTRY--PERSONAL NAME
Personal name 6aJayasinghe C K
700 ## - ADDED ENTRY--PERSONAL NAME
Personal name Wijeratna C
942 ## - ADDED ENTRY ELEMENTS (KOHA)
Koha item type Journals
Holdings
Withdrawn status Lost status Damaged status Not for loan Home library Current library Date acquired Serial Enumeration / chronology Koha item type
      Journals RRII Library RRII Library 13/03/2014 Volume 52, Issue Journals